Statistics for Megacities That Are Not Capitals

Click here to take the quiz!

General Stats

  • This quiz has been taken 208 times
  • The average score is 15 of 18

Answer Stats

PopulationMegacity% Correct
31.1 milShanghai
97%
23.6 milMumbai
96%
22.2 milNew York City
96%
48.6 milGuangzhou
92%
17.7 milLos Angeles
92%
12.7 milRio de Janeiro
89%
21.9 milSão Paulo
88%
17.8 milOsaka
86%
25.1 milKarachi
82%
16.2 milKolkata
82%
17.6 milLagos
81%
14.6 milIstanbul
79%
10.3 milChennai
77%
10.5 milLahore
77%
10.8 milBengaluru
69%
11.8 milTianjin
64%
10.5 milNagoya
54%
10.1 milXiamen
51%

Score Distribution

Percentile by Number Answered

Percent of People with Each Score

Your Score History

You have not taken this quiz